|
|
|
|
| LEADER |
00885nas a2200229 i 4500 |
| 003 |
GR-PaULI |
| 008 |
220620b ||||| |||| 00| 0 eng d |
| 952 |
|
|
|0 0
|1 0
|2 ddc
|4 0
|6 631_400000000000000
|7 0
|9 361503
|a LISA
|b LISA
|c SER
|d 2022-06-20
|i 91
|l 0
|o 631.4
|r 2022-06-20 00:00:00
|t 1
|w 2022-06-20
|y JNL
|
| 999 |
|
|
|c 211251
|d 211251
|
| 022 |
|
|
|a 0361-5995
|
| 040 |
|
|
|a GR-PaULI
|c GR-PaULI
|d GR-AiPI
|
| 082 |
|
|
|a 631.4
|
| 222 |
|
|
|a Soil Science Society of America Journal
|b [Περιοδικό]
|
| 245 |
1 |
0 |
|a Soil Science Society of America Journal
|h [Περιοδικό]
|
| 260 |
|
|
|a USΑ :
|b Soil Science Society of America
|
| 300 |
|
|
|a v.
|
| 310 |
|
|
|a six times a year
|
| 362 |
|
|
|a vol. 66, no. 1 (2002)- vol. 75, no. 6 (2011)
|
| 650 |
|
4 |
|9 192599
|a Εδαφολογία
|v Περιοδικά.
|
| 866 |
|
|
|a vol. 66, no. 1 (2002)- vol. 75, no. 6 (2011)
|
| 942 |
|
|
|2 ddc
|c JNL
|
| 998 |
|
|
|c ΜΙΧΟΣΤΑΥΡΟΥ
|